| 000 | 01015nam a2200241Ia 4500 | ||
|---|---|---|---|
| 003 | OSt | ||
| 005 | 20220923223928.0 | ||
| 006 | a|||||r|||| 00| 0 | ||
| 007 | ta | ||
| 008 | 220922b |||||||| |||| 00| 0 hin d | ||
| 024 | _a223,502 | ||
| 037 | _cTextual | ||
| 040 |
_aARTS _cARTS _bhin |
||
| 041 |
_2hin _ahin |
||
| 082 | _a4v2.N99<-N77, 152P4-;4 | ||
| 100 | _aजेफ्री, रॉबिन | ||
| 245 | 0 | _aभारत की समाचारपत्र क्रांति* पूंजीवाद, राजनीति और भारतीय भाषाई प्रेस, 1977 -99 | |
| 246 | _aBhārat kī samāchārapatra krāanti: pūanjīvāda, rājanīti aur bhāratīya bhāṣhāī presa, 1977 -99 | ||
| 260 |
_aनई दिल्ली _b भारतीय जन संचार संस्थान _c2004 |
||
| 300 |
_a215पृ. _ccm. |
||
| 942 |
_h4v2.N99<-N77, 152P4-;4 _cTEXL _2CC |
||
| 999 |
_c368321 _d368321 |
||